书目信息 |
| 题名: |
英语
|
|
| 作者: | 张宇 , 曾宇涛 主编 ;MBA全国联考命题研究组 编著 | |
| 分册: | ||
| 出版信息: | 北京 人民出版社 2005.7 |
|
| 页数: | 305页 | |
| 开本: | 26cm | |
| 丛书名: | 2006年MBA全国联考系列教材 | |
| 单 册: | ||
| 中图分类: | H31 | |
| 科图分类: | ||
| 主题词: | 英语--ying yu--研究生--入学考试--教材 | |
| 电子资源: | ||
| ISBN: | 7-01-005034-1 | |
| 000 | 00993nam 2200289 450 | |
| 001 | CA | |
| 005 | 20061030165027.50 | |
| 010 | @a7-01-005034-1@dCNY40.00 | |
| 099 | @aCAL 01200606630 | |
| 100 | @a20060909d2005 em y0chiy0120 ea | |
| 101 | 0 | @achi@aeng |
| 102 | @aCN@b110000 | |
| 105 | @aa zq 000yy | |
| 200 | 1 | @a英语@Aying yu@f张宇, 曾宇涛主编@gMBA全国联考命题研究组编著 |
| 210 | @a北京@c人民出版社@d2005.7 | |
| 215 | @a305页@c图@d26cm | |
| 225 | 2 | @a2006年MBA全国联考系列教材@A2006 nian MBA quan guo lian kao xi lie jiao cai@i教材系列 |
| 330 | @a本书共分五章, 主要包括: 词汇、阅读理解、综合填空、英译汉、写作等。 | |
| 410 | 0 | @12001 @a2006年MBA全国联考系列教材@i教材系列 |
| 606 | 0 | @a英语@Aying yu@x研究生@x入学考试@j教材 |
| 610 | 0 | @aMBA |
| 690 | @aH31@v4 | |
| 701 | 0 | @a张宇@Azhang yu@4主编 |
| 701 | 0 | @a曾宇涛@Azeng yu tao@4主编 |
| 712 | 02 | @aMBA全国联考命题研究组@AMBA quan guo lian kao ming ti yan jiu zu@4编著 |
| 801 | 0 | @aCN@c20061030 |
| 905 | @a10447@dH31@eZ239 | |
| 英语/张宇, 曾宇涛主编/MBA全国联考命题研究组编著.-北京:人民出版社,2005.7 |
| 305页:图;26cm.-(2006年MBA全国联考系列教材.教材系列) |
| ISBN 7-01-005034-1:CNY40.00 |
| 本书共分五章, 主要包括: 词汇、阅读理解、综合填空、英译汉、写作等。 |
| ● |
| 相关链接 |
|
|
|
正题名:英语
索取号:H31/Z239
 
预约/预借
| 序号 | 登录号 | 条形码 | 馆藏地/架位号 | 状态 | 备注 |
| 1 | 632014 | 206320140 | 语言库209/209语言库 90排4列6层/ [索取号:H31/Z239] | 在馆 | |
| 2 | 632015 | 206320159 | 语言库209/209语言库 90排4列6层/ [索取号:H31/Z239] | 在馆 | |
| 3 | 632016 | 206320168 | 语言库209/209语言库 90排4列6层/ [索取号:H31/Z239] | 在馆 |